[Event "SapproSummer2019"]
[Site "?"]
[Date "2019.07.28"]
[Round "5.2"]
[White "Sato, Yasuji"]
[Black "Sugimoto, Koichi"]
[Result "0-1"]
[WhiteElo "1452"]
[BlackElo "1963"]
[Annotator "Fritz 15 (30s)"]
[PlyCount "66"]
[SourceVersionDate "2019.07.27"]

{[%mdl 8256] C56: Two Knights: 4 d4 exd4 5 0-0 Nxe4} 1. e4 e5 2. Nf3 Nc6 3. Bc4
Nf6 4. O-O Bc5 5. d4 exd4 6. e5 d5 7. exf6 dxc4 8. Re1+ Be6 9. Ng5 Qd5 10. Nc3
Qf5 11. g4 Qg6 (11... Qxf6 12. Nd5 (12. Nce4 Qe7 13. Nxf7 O-O 14. Nfg5 Bd5 15.
Nxh7 Bxe4 16. Ng5 Bxc2 17. Qxc2 Qxe1+ 18. Kg2 d3 19. Qxc4+ Kh8 20. Qxc5 Qe5 21.
Qa3 Qd5+ 22. Kg1 Nd4 {0-1 (22) Bogomolow,S (2199)-Bierenbroodspot,P (2179)
Germany 2012}) 12... Qd8 13. Rxe6+ fxe6 14. Nxe6 Qd7 15. Ndxc7+ Kf7 16. Ng5+
Kg6 17. Qf3 Rad8 18. Nce6 {1-0 (18) Piorun,K (2457)-Staniszewski,P (2383)
Polanica Zdroj 2009}) 12. Nxe6 $146 (12. Nce4 Bb6 13. f4 (13. Nxe6 fxe6 14. Bg5
O-O 15. fxg7 Rf7 16. Kg2 d3 17. cxd3 Ne5 18. dxc4 Nf3 19. Qxf3 Rxf3 20. Kxf3
Bd4 21. Rad1 Qxg7 22. Bc1 Rf8+ 23. Kg3 e5 24. g5 Qg6 25. b3 Qf5 26. Nf6+ Rxf6
27. gxf6 Qxf2+ {Juarez Flores,C (2340)-Garcia,G (2445) Granma 1987 0-1}) (13.
fxg7 Qxg7 14. Nxe6 fxe6 15. Ng5 e5 16. f4 d3+ 17. Kg2 O-O-O 18. Ne6 Qd7 19.
Nxd8 Rxd8 20. cxd3 cxd3 21. Bd2 Nd4 22. Rxe5 Ne2 23. Kh3 h5 24. Rxh5 Rg8 25.
Rh4 Ng1+ 26. Kg3 Qd5 27. Qf1 Ne2+ {Hersvik,D (2165)-Flores,D (2319) Oropesa
del Mar 1999 1/2-1/2}) 13... O-O-O 14. f5 Bxf5 15. gxf5 Qxf5 16. Kh1 gxf6 17.
Qf3 Qxf3+ 18. Nxf3 Nb4 19. Nxf6 Nxc2 20. Bf4 Nxa1 21. Rxa1 c3 22. bxc3 dxc3 23.
Rc1 Rd3 24. Ne1 Rd2 25. Nc2 Re2 26. Nd5 Ba5 {Blackburne,J-Teichmann,R
Nuremberg 1896 1/2-1/2 (36)}) 12... fxe6 13. Rxe6+ Kd7 {Black threatens to win
material: Kd7xe6} 14. Ne4 (14. f4 $142 $5 {is interesting} Qxc2 15. Qxc2 d3+
16. Kg2 dxc2 17. Re4 $15) 14... Kxe6 $17 15. Nxc5+ Kd5 16. Nxb7 Rab8 (16...
gxf6 $142 17. b3 c3 $17) 17. Qf3+ $2 (17. b3 c3 18. Qf3+ Qe4 19. Qxe4+ Kxe4 20.
Nc5+ Kf3 21. fxg7 $19) 17... Qe4 $19 18. Qxe4+ Kxe4 19. Nc5+ Kd5 (19... Kf3
$142 {and Black could have gained the advantage} 20. fxg7 Rhg8 $19) 20. fxg7
$17 Rhg8 21. Nd7 Rxg7 22. Nxb8 Rxg4+ 23. Kf1 Nxb8 24. h3 Rh4 25. Kg2 Nd7 (25...
Re4 26. Bd2 $17) 26. Kg3 (26. f3 $5 $15 {should be investigated more closely})
26... Re4 $17 27. Bd2 (27. Bf4 Nc5 28. Kf3 Ne6 $17) 27... Re2 $19 28. Rd1 Nc5 (
28... c5 $142 $19) 29. b3 $4 {strolling merrily down the path to disaster} (29.
Kf3 $142 Re7 30. Be3 $17) {[%tqu "En","","","","e2d2","",10]} 29... Rxd2 $1 $19
{Decoy: d2} 30. Rxd2 Ne4+ 31. Kf4 (31. Kf3 {is still a small chance} Nxd2+ 32.
Ke2 $19) 31... Nxd2 32. h4 c3 33. Kf5 (33. b4 {does not solve anything} {
[%tqu "En","","","","d4d3","",10]} d3 $1 {finishing him off} 34. cxd3 c2 35. a3
c1=Q 36. h5 Qg1 37. Ke3 Qe1+ 38. Kf4 Qxf2+ 39. Kg5 Ke6 40. Kh6 Qg2 41. Kxh7 Kf7
42. b5 Qg7#) {[%tqu "En","","","","d4d3","",10]} 33... d3 $1 {here's the full
point. . . . . .} (33... d3 34. cxd3 c2 35. h5 c1=Q 36. a3 Nxb3 37. Kg4 Nd4 38.
h6 Qg1+ 39. Kf4 a5 40. a4 c5 41. f3 Ne6+ 42. Kf5 Qg6#) 0-1

[Event "SapporoSummer2019"]
[Site "?"]
[Date "2019.07.28"]
[Round "5.4"]
[White "Takeuchi, Hiroshi"]
[Black "Yoshii, Yukihiko"]
[Result "1/2-1/2"]
[WhiteElo "1330"]
[BlackElo "1869"]
[Annotator "Fritz 15 (30s)"]
[PlyCount "89"]
[SourceVersionDate "2019.07.27"]

{D04: Colle System} 1. d4 d5 2. Nf3 Nf6 3. e3 Bg4 4. Bd3 e6 5. Nbd2 Bd6 6. h3
Bh5 7. O-O Nbd7 8. b3 $146 (8. c4 c5 9. b3 O-O 10. Bb2 cxd4 11. exd4 b6 12. Rc1
Rc8 13. Be2 Qe7 14. Ne5 Bxe2 15. Qxe2 Ba3 16. Ndf3 Bxb2 17. Qxb2 dxc4 18. bxc4
Rc7 19. Rc2 Rfc8 20. Rfc1 Nxe5 21. Nxe5 Nd7 22. Nf3 h6 {Hinteregger,A (2160)
-Neihs,H (2180) Werfen 1998 1/2-1/2}) 8... h6 {Prevents intrusion on g5} (8...
e5 9. dxe5 Nxe5 10. Be2 $11) 9. Bb2 $14 O-O 10. Qe1 a6 {Covers b5} 11. a3 {
Consolidates b4} b5 12. Ne5 c5 13. f4 (13. g4 $142 $5 {is an interesting
alternative} Bg6 14. Bxg6 fxg6 15. Nxg6 $14) 13... c4 $15 {Black gets more
space} 14. Be2 Bxe2 15. Qxe2 Qc7 16. Nxd7 Nxd7 17. Nf3 (17. bxc4 bxc4 18. Bc3
a5 $15) 17... Nf6 $17 18. Rae1 (18. Rfb1 $5 $17) 18... Ne4 {[%cal Yc4c3] Black
prepares the advance c3} 19. Qd1 c3 (19... Rfc8 20. Ne5 $17) 20. Bc1 a5 {
[%cal Yb5b4] Black prepares b4} 21. Ne5 b4 22. a4 f6 {Black threatens to win
material: f6xe5} (22... Kh7 23. Nd3 $17) 23. Ng4 (23. Nd3 f5 $15) 23... Qf7 (
23... h5 24. Nh2 Qf7 25. h4 $17) 24. Qf3 (24. Kh2 f5 25. Nf2 Nf6 $15) 24...
Rfd8 (24... Qg6 25. Rd1 $17) 25. Nf2 $15 f5 26. Nxe4 fxe4 27. Qg4 Qf5 28. Qe2
Rdb8 29. g4 {White threatens to win material: g4xf5} Qf7 30. Qg2 g6 31. h4 {
[%cal Yg4g5] White intends g5} Kh7 32. Qh3 Rg8 33. g5 {White wins space} h5 34.
Re2 Rgf8 35. Rg2 Qd7 36. Re2 Rf5 37. Ref2 Qc6 38. Qg2 {White's piece can't
move: c1} Raf8 39. Kh1 Qa6 40. Kg1 R8f7 41. Qh3 Qc8 42. Qg3 Qf8 43. Kg2 Bb8 44.
Kg1 Kg7 45. Kg2 1/2-1/2

[Event "SapporoSummer2019"]
[Site "?"]
[Date "2019.07.28"]
[Round "5.5"]
[White "Nishimori, Toshiyuki"]
[Black "Kobayashi, Katsuhiko"]
[Result "1-0"]
[WhiteElo "1797"]
[BlackElo "1539"]
[Annotator "Fritz 15 (30s)"]
[PlyCount "86"]
[SourceVersionDate "2019.07.27"]

{[%mdl 8256] C15: French: 3 Nc3 Bb4: Unusual White 4th moves} 1. e4 e6 2. d4 d5
3. Nc3 Bb4 4. Bd3 Bxc3+ $146 (4... Nc6 5. Nge2 (5. a3 Bxc3+ 6. bxc3 dxe4 7.
Bxe4 Nf6 8. Bg5 Qd6 9. Bxf6 gxf6 10. Qe2 Ne7 11. Qf3 f5 12. Bxb7 Bxb7 13. Qxb7
O-O 14. Qf3 Rab8 15. Qg3+ Qxg3 16. hxg3 Rb2 17. Kd2 c5 18. Nf3 cxd4 19. cxd4
Rc8 {Djuric,S (2517)-Gervasio,R (2369) Cannes 1999 1-0 (45)}) 5... dxe4 6. Bxe4
Nf6 7. Bf3 Ne7 (7... e5 8. Bxc6+ bxc6 9. O-O Ba6 10. dxe5 Bxc3 11. bxc3 Ne4 12.
Qe1 Qd5 13. Be3 Qc4 14. f3 Qxe2 15. fxe4 Qxf1+ 16. Qxf1 Bxf1 17. Kxf1 O-O-O 18.
Ke2 Rhe8 19. Bf4 Re6 20. Rb1 c5 21. Rb5 Ra6 22. Rxc5 {Bohm,H (2200)-Hecht,H 
(2470) Amsterdam 1972 0-1 (50)}) 8. O-O Ng6 9. Ne4 Nxe4 10. Bxe4 O-O 11. Nf4
Bd6 12. Nxg6 hxg6 13. Qf3 c6 14. c3 Qc7 15. h4 e5 16. h5 exd4 17. cxd4 gxh5 18.
Qxh5 f5 19. Bc2 {Euwe,M-Maroczy,G Bad Aussee 1921 1/2-1/2 (31)}) (4... Nf6 5.
e5 (5. Bg5 h6 6. Bxf6 Qxf6 7. e5 Qe7 8. Nge2 c5 9. a3 Bxc3+ 10. Nxc3 Nc6 11.
Bb5 O-O 12. Bxc6 bxc6 13. O-O cxd4 14. Qxd4 c5 15. Qd2 Rb8 16. b3 Bb7 17. Rfe1
Bc6 18. Ne2 Qg5 19. Qxg5 hxg5 {Ferreira,R (2200)-McCambridge,V (2350) Mexico
City 1980 0-1}) 5... Nfd7 6. Qg4 Kf8 7. Nf3 h6 8. h4 c5 9. Rh3 Qe7 10. a3 Ba5
11. Rg3 Rg8 12. Bxh6 f5 13. Qg6 Qf7 14. Qxf7+ Kxf7 15. Bd2 Nc6 16. Nb5 Bb6 17.
c3 a6 18. Nd6+ Ke7 19. Bg5+ {Finkel,A (2500)-Bykhovsky,A (2405) Tel Aviv 1996
1-0 (32)}) 5. bxc3 dxe4 6. Bxe4 {White has the pair of bishops} Nf6 {Black
threatens to win material: Nf6xe4} 7. Bd3 O-O 8. Bg5 Qd5 $2 (8... h6 9. Bxf6
Qxf6 10. Nf3 $11) 9. Nf3 (9. Bxf6 $142 $5 gxf6 10. Nh3 $16) 9... Ne4 $14 10.
Bxe4 (10. c4 Qa5+ 11. Bd2 Nxd2 12. Qxd2 Qxd2+ 13. Kxd2 Rd8 $11) 10... Qxe4+ $11
11. Be3 f5 {Black has a new backward pawn: e6} (11... b6 12. O-O $11) 12. O-O
f4 {Black threatens to win material: f4xe3} (12... b6 13. Re1 $11) 13. Bd2 $14
b6 14. Re1 Qg6 $2 (14... Qd5 $142 $5 $14 {and Black could well hope to play on}
) 15. Ne5 $16 Qg5 16. Qf3 c6 17. g3 Qf5 18. gxf4 (18. Re4 $142 $5 g5 19. h4 $18
) 18... Qxc2 $14 19. Qe3 (19. Bc1 Nd7 20. Nxc6 Qg6+ 21. Kh1 Qf7 $16) 19... Ba6
(19... Rf6 20. Rec1 Qf5 21. Qf3 $11) 20. Rec1 {White threatens to win material:
Rc1xc2} (20. a4 Qf5 $14) 20... Qf5 $11 21. Qg3 (21. a4 Rc8 $11) 21... Rd8 (
21... Bb7 22. Qg2 $11) 22. h3 (22. Re1 $142 $14) 22... c5 $4 {allows the
opponent back into the game} (22... Bb7 23. Kh2 Nd7 24. Rg1 $11) 23. Be3 $4 {
Loses material. White has let it slip away} (23. Qf3 $142 {White had this
great chance} Nd7 24. Nxd7 $18) 23... Nd7 $11 24. Nc6 Re8 25. Qh4 $4 (25. dxc5
Bb7 26. Ne5 Nxe5 27. fxe5 Qe4 $11) 25... Qg6+ (25... Bb7 $142 $19 {and Black
can celebrate victory}) 26. Kh2 Bb7 (26... Qe4 27. Ne5 Nxe5 28. dxe5 $17) 27.
Rg1 $11 Qxg1+ $4 {overlooking an easy win} (27... Qf6 $142 {is just about the
only chance} 28. Qxf6 Nxf6 $11) 28. Rxg1 $18 Bxc6 {[%tqu "En","","","","f4f5",
"",10]} 29. f5 $1 {Decoy: f5} exf5 (29... Kh8 {is not the saving move} 30. fxe6
Rxe6 $18) 30. dxc5 (30. Qh6 $142 {makes it even easier for White} Bg2 31. Rxg2
$18) 30... Re4 $4 {ignoring the path to victory} (30... Ne5 $142 {is the best
chance} 31. Rg3 Rad8 $11) 31. Qh6 $18 g6 (31... Re7 {does not save the day} 32.
Qxc6 Rae8 33. Qd5+ Kf8 34. Qxf5+ Rf7 35. Qxh7 $18) 32. Bd4 (32. Rxg6+ $142 {
seems even better} hxg6 33. Qxg6+ Kf8 34. Bh6+ Ke7 35. Bg5+ Kf8 36. Qxc6 Nxc5
37. Qxa8+ Kf7 38. Qxa7+ Kg6 39. Qxb6+ Ne6 $18) 32... Ne5 (32... Re7 {cannot
change what is in store for White} {[%tqu "En","","","","g1g6","",10]} 33.
Rxg6+ $1 {Decoy: g6} hxg6 34. Qxg6+ Kf8 35. Qxc6 Rb8 36. Qh6+ Ke8 $18) 33. f4 (
33. Rxg6+ $142 $1 {and White wins} hxg6 34. Bxe5 Rxe5 35. Qxg6+ Kf8 36. Qf6+
Kg8 37. Qxe5 $18) 33... Nf3+ $17 34. Kg3 $4 {another bit of territory lost} (
34. Kg2 $142 Re7 35. Kf2 Nxg1 36. Kxg1 $17) 34... Nxd4 (34... Rxd4 $142 {
it becomes clear that Black will call all the shots} 35. cxd4 Nxg1 $19) 35.
cxd4 $11 Re3+ (35... Rxd4 36. Kh4 Be8 37. Qg5 bxc5 38. Qxf5 $11) 36. Kh4 $14
Rae8 $2 (36... Bd5 37. Rg3 Re7 38. Qg5 $14) 37. Qg5 $4 {White threatens to win
material: Qg5xf5. letting the wind out of his own sails} (37. Rxg6+ $142 $5
hxg6 38. Qxg6+ Kf8 39. Qf6+ Kg8 40. Qxc6 $18) 37... Bf3 (37... Kg7 $142 $5 $11
{and Black can hope to survive}) 38. Qxf5 $16 Rf8 39. Qg5 Re4 $4 {but even a
better move would not have saved the game} (39... Kg7 $142 40. cxb6 axb6 $16)
40. Kg3 $18 h6 (40... Re3 {what else?} 41. Kf2 Rd3 $18) 41. Qxg6+ Kh8 42. Qxh6+
Kg8 43. Kxf3+ Kf7 1-0